Hauptsponsoren Bundesliga 2022 - Statistiken

Allgemein
  • Dieses Quiz wurde 562 mal gespielt
    379 seit der letzten Aktualisierung
  • Das Durchschnittsergebnis liegt bei 27 aus 72
Antwortstatistiken
Club Art Antwort % Korrekt
FC Bayern München Ausrüster Adidas
95%
1. FC Union Berlin Ausrüster Adidas
95%
RB Leipzig Ausrüster Nike
93%
SC Freiburg Ausrüster Nike
93%
VFL Bochum Ausrüster Nike
93%
Eintracht Frankfurt Ausrüster Nike
93%
VFL Wolfsburg Ausrüster Nike
93%
FC Augsburg Ausrüster Nike
93%
Hertha BSC Berlin Ausrüster Nike
93%
Borussia Dortmund Ausrüster Puma
91%
Borussia Mönchengladbach Ausrüster Puma
91%
SPVGG Greuther Fürth Ausrüster Puma
91%
FC Bayern München Stadionsponsor Allianz
90%
FC Bayern München Trikotsponsor Telekom
86%
VFL Wolfsburg Trikotsponsor VW
80%
VFL Wolfsburg Stadionsponsor VW
80%
RB Leipzig Trikotsponsor Red Bull
78%
RB Leipzig Stadionsponsor Red Bull
78%
Borussia Dortmund Stadionsponsor Signal Iduna
72%
Bayer 04 Leverkusen Stadionsponsor Bayer
71%
Borussia Dortmund Trikotsponsor 1&1
66%
VFB Stuttgart Stadionsponsor Mercedes-Benz
66%
TSG 1899 Hoffenheim Trikotsponsor SAP
60%
1. FC Köln Trikotsponsor REWE
57%
FC Bayern München Ärmelsponsor Qatar Airways
53%
1. FC Köln Stadionsponsor RheinEnergie
47%
Bayer 04 Leverkusen Ausrüster Jako
45%
VFB Stuttgart Ausrüster Jako
45%
Eintracht Frankfurt Stadionsponsor Deutsche Bank
42%
FC Augsburg Trikotsponsor WWK Versicherungen
34%
FC Augsburg Stadionsponsor WWK Versicherungen
34%
Eintracht Frankfurt Trikotsponsor Indeed
32%
Bayer 04 Leverkusen Trikotsponsor Barmenia
31%
1. FSV Mainz 05 Ausrüster Kappa
30%
SC Freiburg Stadionsponsor Europa Park
28%
VFL Bochum Trikotsponsor Vonovia
27%
VFL Bochum Stadionsponsor Vonovia
27%
1. FSV Mainz 05 Trikotsponsor Kömmerling
24%
Borussia Dortmund Ärmelsponsor Opel
24%
SC Freiburg Trikotsponsor Schwarzwaldmilch
24%
1. FSV Mainz 05 Stadionsponsor MEWA Textil Service
22%
DSC Arminia Bielefeld Trikotsponsor Schüco
20%
DSC Arminia Bielefeld Stadionsponsor Schüco
20%
TSG 1899 Hoffenheim Stadionsponsor Pre Zero
19%
1. FC Köln Ausrüster Uhlsport
18%
Borussia Mönchengladbach Trikotsponsor Flatex
17%
Hertha BSC Berlin Trikotsponsor Autohero
11%
DSC Arminia Bielefeld Ausrüster Macron
10%
1. FC Köln Ärmelsponsor DEVK
8%
VFB Stuttgart Trikotsponsor Mercedes-Benz Bank
8%
1. FC Union Berlin Trikotsponsor Aroundtown
4%
SPVGG Greuther Fürth Stadionsponsor Thomas Sommer
4%
FC Augsburg Ärmelsponsor Bernd Siegmund
3%
VFB Stuttgart Ärmelsponsor EQ
3%
SPVGG Greuther Fürth Trikotsponsor I. K. Hofmann
3%
1. FC Union Berlin Ärmelsponsor Wefox
3%
Eintracht Frankfurt Ärmelsponsor DPD
2%
Hertha BSC Berlin Ärmelsponsor Hyundai Motor
2%
1. FC Union Berlin Stadionsponsor Keiner
2%
Borussia Mönchengladbach Stadionsponsor Keiner
2%
Hertha BSC Berlin Stadionsponsor Keiner
2%
Borussia Mönchengladbach Ärmelsponsor Sonepar
2%
RB Leipzig Ärmelsponsor CG Elementum
1%
VFL Wolfsburg Ärmelsponsor Linglong Tire
1%
SC Freiburg Ärmelsponsor Rose Bikes
1%
TSG 1899 Hoffenheim Ärmelsponsor SNP
1%
SPVGG Greuther Fürth Ärmelsponsor Endori
0%
1. FSV Mainz 05 Ärmelsponsor FB88.com
0%
Bayer 04 Leverkusen Ärmelsponsor Floki
0%
DSC Arminia Bielefeld Ärmelsponsor Jab Anstoetz
0%
TSG 1899 Hoffenheim Ausrüster Joma Sport
0%
VFL Bochum Ärmelsponsor Viactiv
0%
Keine übereinstimmenden Quizze gefunden
Verteilung der Resultate
Anzahl Personen mit jedem Resultat
Perzentil nach korrekt beantworteten Fragen
Ihre Resultats-Entwicklung
Sie haben dieses Quiz seit der letzten Aktualisierung nicht gespielt